000
00307nam a22001217a 4500
020
_a
0-412-34140-9
082
_a
620.1 SAY'A
100
_a
BONES, J. A , SAYER, F. P
_9
64816
245
_a
APPLIED MECHANIC , A MODERN APPROACH
260
_a
LONDON
_b
CHAPMAN & HALL
_c
1990
300
_a
VII, 340P
942
_c
BK
999
_c
573199
_d
573199